| 000 | 00609nam a2200205 4500 | ||
|---|---|---|---|
| 001 | 121202 | ||
| 003 | ES-MaACL | ||
| 005 | 20230906191717.0 | ||
| 007 | t| | ||
| 008 | 070214s1909 it r ||||1| ita d | ||
| 100 | 1 |
_aDa Ponte, Matteo. _942390 |
|
| 245 | 1 | 0 |
_aDistillazione delle vinacce, del vino, delle frutta fermentate e di altri prodotti agrarii / _cMatteo da Ponte. |
| 250 | _a3ยช. ed. | ||
| 260 |
_aMilano : _bU. Hoepli, _c1909. |
||
| 300 |
_aXX, 826 p. : _bil. ; _c15 cm. |
||
| 490 | 1 | _aManuali Hoepli | |
| 830 | 0 |
_aManuali Hoepli _9180782 |
|
| 852 |
_aES-MaACL _jD-3620 |
||
| 999 |
_c121202 _d121202 |
||